000 00482nam a2200181Ia 4500
001 16943
005 20260306170348.0
008 260306t2012||||xx |||||||||||||| ||und||
041 _aESP
082 _a657.3
_bR75
100 _aRodríguez Morales, Leopoldo
_eAUT
245 0 _aAnálisis de estados financieros:
_bun enfoque en la toma de decisiones
260 _c2012
300 _axvii, 269 páginas :
_c23 cm.
650 _aGEN
654 _aCCO
942 _cLIB
_dJUS
_fJUS
_2ddc
_n
999 _c16943
_d16943